| 000 | 00862nam a2200229 a 4500 | ||
|---|---|---|---|
| 001 | 48047 | ||
| 003 | BD-RjUL | ||
| 005 | 20211209054440.0 | ||
| 008 | 160811s1994 bg ||||| |||| 00| 0 ben d | ||
| 020 | _c: IRs. 60.00 | ||
| 035 | _a(BD-RjUL)48166 | ||
| 040 |
_aBD-RjUL _bben _cBD-RjUL |
||
| 041 | _aben | ||
| 082 |
_223 _a891.4408 _bTAA 1994 |
||
| 100 | 1 |
_aঠাকুর, অবনীন্দ্রনাথ _9121196 |
|
| 245 | 1 | 0 |
_aঅবনীন্দ্র রচনাবলী / _c অবনীন্দ্রনাথ ঠাকুর |
| 260 |
_aকলিকাতা : _bপ্রকাশ ভবন, _c১৯৯৪ |
||
| 300 |
_a৩৬০ : _c২১ সেমি _bচিত্র ; |
||
| 650 |
_aবাংলা সাহিত্য _xসংগ্রহ _9122902 |
||
| 650 |
_aBengali Literature _xCollection _9122903 |
||
| 942 |
_2ddc _cBK |
||
| 999 |
_c48047 _d48047 |
||